000 01519nam a22003737a 4500
003 CHAP
005 20220329143927.0
008 120904s2012 mx r 00010 spa d
010 _a103841
011 _a104813
035 _a115503
040 _cCHAP
090 _aTesis
100 1 _aGómez Salazar, Aureliano.
_949891
245 1 0 _aFormulación y aceptabilidad de pan bolillo enriquecido con harina avena (Avena sativa L.) nixtamalizada como mejorante de mesa
_h[En línea]
_c/por Aureliano Gómez Salazar
260 _aChapingo, Méx. :
_bEl autor,
_c2012
500 _aPara ver el contenido del material haga clic en la liga
502 _aTesis (Ing. Agr. Esp. en Ingeniería Agroindustrial) <U+2013> UACH. Departamento de Ingeniería Agroindustrial
590 _aALEPH
_b10
_c20130110
_lUCH01
_h1546
590 _aBATCH-UPD
_b10
_c20130110
_lUCH01
_h1111
590 _aBATCH-UPD
_b10
_c20130410
_lUCH01
_h0703
590 _aBATCH-UPD
_b10
_c20130914
_lUCH01
_h0432
590 _aBATCH-UPD
_b10
_c20140324
_lUCH01
_h1533
590 _aBATCH-UPD
_b10
_c20141002
_lUCH01
_h0855
590 _aCONVERSION
_b10
_c20130109
_lUCH01
_h1357
650 0 4 _aAvena.
_98503
650 0 4 _aNixtamalización.
_981486
650 0 4 _aPan
_xElaboración.
_985043
856 _3Finding aid
_uhttp://10.13.5.2/tesis/115503.pdf
_zTeclea aqui
901 _aBK
942 _cFOLL
949 _aTesis
_bBC
_cTES
_d33724002058702
_eTS1
_gDonaciØn
_h53950
_i115503
_st
949 _aTesis
_bBC
_cTES
_d33724002058743
_eTS2
_fc.2
_gDonaciØn
_h53951
_i115503
_st
999 _c103841
_d103841